Statistics for Most Countries in South America You Can Name in 30 Seconds

Click here to take the quiz!

General Stats

  • This quiz has been taken 11,441 times
    (11,438 since last reset)
  • The average score is 9 of 12

Answer Stats

Country% Correct
Brazil
95%
Argentina
90%
Chile
84%
Peru
81%
Paraguay
80%
Uruguay
77%
Colombia
74%
Venezuela
73%
Bolivia
72%
Ecuador
69%
Suriname
67%
Guyana
66%

Score Distribution

Percentile by Number Answered

Percent of People with Each Score

Your Score History

You have not taken this quiz since the last reset